| 000 | 00500nam a2200181Ia 4500 | ||
|---|---|---|---|
| 001 | 22033 | ||
| 003 | IN-NITTTR | ||
| 005 | 20251114233249.0 | ||
| 008 | 251113s9999||||xx |||||||||||||| ||eng|| | ||
| 040 | _beng | ||
| 040 | _cIN-NITTTR | ||
| 041 | _aeng | ||
| 082 | _a536.56 M132L R | ||
| 100 | _aMcClintock, P. V. E. | ||
| 245 | 0 |
_aLow-temperature physics : _b an introduction for scientists and engineers. / _cMcClintock, P. V. E., Wigmore, J. K. |
|
| 700 | _a Wigmore, J. K. | ||
| 942 |
_2ddc _cBK |
||
| 999 |
_c24662 _d24662 |
||